| 000 | 01356nam a2200337 i 4500 | ||
|---|---|---|---|
| 001 | bg | ||
| 003 | KOSZ 005 | ||
| 005 | 20210908145330.0 | ||
| 008 | s pl f |000 0 pol | ||
| 020 | _a8320423902 (t. 1) | ||
| 020 | _a8320423899 (całość) | ||
| 040 | _cBPK | ||
| 041 | 0 | _apol | |
| 080 | _a620.17(075.8) | ||
| 100 | 1 |
_aDyląg, Zdzisław _d(1923-2015) _eAutor |
|
| 245 | 1 | 0 |
_aWytrzymałość materiałów. _nT. 1 / _cZdzisław Dyląg, Antoni Jakubowicz, Zbigniew Orłoś. |
| 250 | _aWyd. 2 popr. | ||
| 260 |
_aWarszawa : _bWydawnictwa Naukowo-Techniczne, _c1999. |
||
| 300 |
_a539, [1] s. : _b3 fot., rys., wykr. ; _c24 cm. |
||
| 490 | 1 | _aPodręczniki Akademickie.. Mechanika | |
| 504 | _aBibliogr. s. 524-530. | ||
| 521 | _aDla studentów wyższych uczelni tech., zwłaszcza wydz. mechanicznych i budowlanych. | ||
| 650 | 9 | _aWytrzymałość materiałów | |
| 655 | _aPodręczniki akademickie | ||
| 700 | 1 |
_aJakubowicz, Antoni _d(?-1999) _eAutor |
|
| 700 | 1 |
_aOrłoś, Zbigniew _d(1921-2014) _eAutor |
|
| 830 | 0 |
_aPodręczniki Akademickie.. _pMechanika |
|
| 856 |
_uhttp://koha.tu.koszalin.pl/cgi-bin/koha/opac-detail.pl?biblionumber=46072 _yKatalog online BPK |
||
| 856 |
_uhttp://libra.ibuk.pl/reader/wytrzymalosc-materialow-tom-1-zdzislaw-dylag-antoni-71356 _yIBUK |
||
| 942 |
_cKS _2UKD |
||
| 999 |
_c46072 _d46072 |
||